| 000 | 00428nam a22001697a 4500 | ||
|---|---|---|---|
| 005 | 20160611141528.0 | ||
| 008 | 160611b xxu||||| |||| 00| 0 eng d | ||
| 020 | _a9780070486683 | ||
| 041 | _aeng | ||
| 082 | _b6930 | ||
| 100 |
_aHill, Charks W.L. _91709 |
||
| 245 | _aInternational Business Competing the Global Marketplace | ||
| 260 |
_aNew Delhi _bTata Mc G. |
||
| 300 | _a680 | ||
| 650 |
_aManagement _9241 |
||
| 942 | _cBK | ||
| 999 |
_c2413 _d2412 |
||